000 00677nam a2200241Ia 4500
003 OSt
005 20220926015130.0
006 a|||||r|||| 00| 0
007 ta
008 220923b |||||||| |||| 00| 0 eng d
020 _cDollar 8.95
037 _b204, 18/09/1985, SBD
_cGeneral Book
040 _aRTL
_cRTL
_beng
041 _2eng
_aeng
082 _aYv, M5
100 _aCollins Randall
_921343
245 0 _aThree sociological traditions .
260 _aNew York
_bOxford
_c1985
300 _aix,255p
_ccm.
500 _aBibliography P 234-243
942 _hYv, M5
_cGB
_2CC
999 _c630639
_d630639